| 000 | 00389nam a2200157Ia 4500 | ||
|---|---|---|---|
| 008 | 210707s1873 xx 000 0 und d | ||
| 041 | _aeng | ||
| 082 | _aS891.208 SHAP | ||
| 100 | _aSHARMA (Ogeti Parikshit) | ||
| 245 | _aParikshinnatakchakram. | ||
| 260 |
_aPune _bOgeti Achyutram Shastri _c1873 |
||
| 300 | _a300 p | ||
| 365 |
_b125 _cINR |
||
| 563 | _aHB | ||
| 650 | _aSanskrit Drama | ||
| 999 |
_c180310 _d180310 |
||